| 000 | 00674nam a2200217 a 4500 | ||
|---|---|---|---|
| 001 | 8623 | ||
| 003 | CO-ViMGA | ||
| 008 | 141112s2004 ck r 000 u spa d | ||
| 020 | _a9586005402 | ||
| 040 |
_aCO-ViMGA _bspa _cCO-ViMGA |
||
| 082 | 0 | 4 | _aMEVIECAR.6424 T497v |
| 100 | 1 |
_aTIZNADO SANTANA, MARCO ANTONIO _95429 |
|
| 245 | 1 | 0 |
_aEl Camino fácil a visual basic 4.0 / _cTIZNADO SANTANA MARCO ANTONIO |
| 260 |
_aBogotá, _cMcGraw - Hill, _c1996 |
||
| 300 | _aXII, 224 p, il, 21 cm, CD - Rom, | ||
| 490 | _aEnter | ||
| 650 | 1 | 4 | _alenguajes de programacion |
| 650 | 1 | 4 |
_aprogramacion - computadores _98549 |
| 650 | 1 | 4 |
_aVisual Basic 4 - manuales _98550 |
| 942 |
_2ddc _cBK |
||
| 999 |
_c20263 _d20263 |
||